00708cam a2200217 a 4500008004100000020002200041100002100063245014400084260004800228300003400276504004100310500002000351650001800371650001200389650002200401700001900423700002100442003000100463005001700464040000900481  a9041110151 (pbk.)1 aCrawshaw, Ralph.10aHuman rights and policing :bstandards for good behavior and a strategy for change /cby Ralph Crawshaw, Barry Devlin [and] Tom Williamson. aLondon :bKluwer Law International,cc1998. axvi, 295 p. :bill. ;c24 cm. aIncludes bibliographical references. aIncludes index. 0aHuman rights. 0aPolice. 0aPolice brutality.1 aDevlin, Barry.1 aWilliamson, Tom.20230123125353.0 cNUST